| 000 | 00379nam a2200133 a 4500 | ||
|---|---|---|---|
| 001 | 5497 | ||
| 003 | CDMR | ||
| 005 | 20130116135309.0 | ||
| 008 | 130130s2007||||||||||||||||||||||||||||d | ||
| 040 |
_aCDMR _bcat _cCPC GIRONA |
||
| 245 | 0 |
_aRTS _bRevista de Treball Social |
|
| 260 |
_c2007 _bCol·legi Oficial de Diplomats en Treball Social i Assistents Socials de Catalunya |
||
| 942 | _cMON | ||
| 999 |
_c5497 _d5497 |
||